000
00293nam a2200109Ia 4500
008
220204s9999 xx 000 0 und d
082
_a
66:541.124
_b
WAL
100
_a
Walas, Stanley M
245
0
_a
Reaction kinetics for chemical engineers
260
_a
New York
_b
McGraw Hill
_c
1959
942
_c
BK
999
_c
24054
_d
24054